Statistics for Worlds Oldest...

Click here to take the quiz!

General Stats

  • This quiz has been taken 43 times
  • The average score is 3 of 15

Answer Stats

FeatureYear establishedAnswerLocation% Correct
Metro System1863 ADLondon UndergroundEurope
83%
Lighthouse280 BCPharos of AlexandriaAfrica
71%
National Flag1307 ADDenmarkEurope
37%
Stock Exchange1602 ADAmsterdamEurope
27%
City9500 BCJerichoMiddle East
27%
Airline1919 ADKLMEurope
24%
Zoo1752 ADTiergarten SchönbrunnEurope
7%
Bridge1300 BCArkadiko BridgeEurope
0%
Bank1590 ADBerenberg BankEurope
0%
National Park1778 ADBogd Khan UulAsia
0%
Airport1909 ADCollege Park AirportNorth America
0%
Amusement Park1583 ADDyrehavsbakkenEurope
0%
Website1986 ADitcorp.comInternet
0%
Pier1813 ADRydeEurope
0%
Post Office1712 ADSanquharEurope
0%

Score Distribution

Percentile by Number Answered

Percent of People with Each Score

Your Score History

You have not taken this quiz